[Event "Canarias-chT Honor"]
[Site "Spain"]
[Date "2020.02.01"]
[Round "4.3"]
[White "Amador Garcia, Ismael"]
[Black "Martin Hernandez, Ruben"]
[Result "0-1"]
[WhiteElo "2111"]
[BlackElo "2239"]
[PlyCount "110"]
[EventDate "2020.01.11"]
[EventType "team-tourn"]
[EventRounds "9"]
[EventCountry "ESP"]
[SourceTitle "CBM 195 Extra"]
[Source "ChessBase"]
[SourceDate "2020.05.31"]
[SourceVersion "1"]
[SourceVersionDate "2020.05.31"]
[SourceQuality "1"]
[WhiteTeam "Fundacion La Caja de Canarias"]
[BlackTeam "Lanzaloe"]
[WhiteTeamCountry "ESP"]
[BlackTeamCountry "ESP"]

1. e4 e5 2. Nf3 Nc6 3. Bb5 a6 4. Ba4 d6 5. 0-0 Bd7 6. c3 g6 7. d4 Bg7 8. d5 Nce7 9. Bxd7+ Qxd7 10. c4 h6 11. Nc3 f5 12. Rb1 Nf6 13. Nd2 b5 14. f3 b4 15. Na4 0-0 16. Qc2 c6 17. b3 cxd5 18. cxd5 fxe4 19. fxe4 Qa7+ 20. Kh1 Qe3 21. Bb2 Rac8 22. Nc4 Qxe4 23. Qxe4 Nxe4 24. Nab6 Rxf1+ 25. Rxf1 Rc5 26. Ne3 h5 27. a3 bxa3 28. Bxa3 Rc3 29. Nec4 Nf5 30. Rf3 Rc2 31. g3 Nd4 32. Rf1 Ng5 33. Ne3 Rc3 34. Nbc4 Ne4 35. Nd1 Rxb3 36. Bxd6 Rb1 37. Nde3 Rxf1+ 38. Nxf1 Nxd6 39. Nxd6 a5 40. Nd2 a4 41. N6c4 Kf8 42. Ne4 Nb5 43. Kg2 a3 44. Na5 a2 45. Nb3 Bh6 46. Nec5 e4 47. Nxe4 Bg7 48. g4 hxg4 49. Kg3 Nc3 50. Nec5 Nxd5 51. Ne6+ Kf7 52. Nxg7 Kxg7 53. Kxg4 Kf6 54. Na1 Ke5 55. Nb3 Ne7 0-1

[Event "Canarias-chT Honor"]
[Site "Spain"]
[Date "2020.01.18"]
[Round "2.3"]
[White "Martin Hernandez, Ruben"]
[Black "Perez Perez, Gabriel"]
[Result "1/2-1/2"]
[WhiteElo "2239"]
[BlackElo "2128"]
[PlyCount "137"]
[EventDate "2020.01.11"]
[EventType "team-tourn"]
[EventRounds "9"]
[EventCountry "ESP"]
[SourceTitle "CBM 195 Extra"]
[Source "ChessBase"]
[SourceDate "2020.05.31"]
[SourceVersion "1"]
[SourceVersionDate "2020.05.31"]
[SourceQuality "1"]
[WhiteTeam "Lanzaloe"]
[BlackTeam "Ebano Barrio Nuevo"]
[WhiteTeamCountry "ESP"]
[BlackTeamCountry "ESP"]

1. Nf3 Nf6 2. d4 g6 3. c4 Bg7 4. Nc3 d5 5. Bg5 Ne4 6. cxd5 Nxg5 7. Nxg5 e6 8. Qd2 h6 9. Nf3 exd5 10. e3 Bf5 11. Bd3 Bxd3 12. Qxd3 c6 13. 0-0 0-0 14. b4 Qd6 15. b5 Nd7 16. Rab1 Nb6 17. bxc6 bxc6 18. Qa6 Rfb8 19. Rb3 Qc7 20. Rfb1 Qc8 21. Qa5 Nc4 22. Rxb8 Nxa5 23. Rxc8+ Rxc8 24. Kf1 Bf8 25. Ke2 Bd6 26. Kd3 f5 27. Nd2 Kf7 28. f3 Rb8 29. Rxb8 Bxb8 30. h3 Ke6 31. Na4 Bd6 32. e4 fxe4+ 33. fxe4 dxe4+ 34. Kxe4 Bb4 35. Nf3 Nc4 36. Nc5+ Kd6 37. Nd3 Bc3 38. Nde5 Nxe5 39. Nxe5 c5 40. dxc5+ Kxc5 41. Nxg6 Kb4 42. Kd3 Bg7 43. Kc2 Ka3 44. Kb1 Kb4 45. Ne7 Kc3 46. Kc1 a5 47. g4 Kd3 48. Nf5 Bf8 49. Kb2 a4 50. Nh4 Ke3 51. Kc3 a3 52. Kb3 Kf2 53. Nf5 Kg2 54. h4 Kh3 55. g5 hxg5 56. hxg5 Kg4 57. Ne3+ Kxg5 58. Nc4 Kf5 59. Nxa3 Bxa3 60. Kxa3 Ke6 61. Kb4 Kd7 62. Kb5 Kc7 63. Ka6 Kb8 64. a4 Ka8 65. a5 Kb8 66. Kb6 Ka8 67. a6 Kb8 68. a7+ Ka8 69. Ka6 1/2-1/2

[Event "ESP-ch 84th"]
[Site "Marbella"]
[Date "2019.11.22"]
[Round "7"]
[White "Martin Carmona, Gaston Manuel"]
[Black "Martin Hernandez, Ruben"]
[Result "0-1"]
[WhiteElo "2304"]
[BlackElo "2206"]
[PlyCount "70"]
[EventDate "2019.11.16"]
[EventType "swiss"]
[EventRounds "9"]
[EventCountry "ESP"]
[SourceTitle "CBM 193 Extra"]
[Source "ChessBase"]
[SourceDate "2020.01.31"]
[SourceVersion "1"]
[SourceVersionDate "2020.01.31"]
[SourceQuality "1"]

1. e4 c5 2. Nf3 e6 3. d4 cxd4 4. Nxd4 Nc6 5. Nc3 Qc7 6. Be3 a6 7. a3 Nf6 8. f4 d6 9. Qf3 Bd7 10. 0-0-0 h5 11. Be2 Rc8 12. f5 e5 13. Nxc6 Bxc6 14. Bd3 b5 15. Nd5 Bxd5 16. exd5 Be7 17. g3 Qb7 18. Kb1 0-0 19. Bg5 e4 20. Bxe4 Nxe4 21. Bxe7 Qxe7 22. Qxh5 Nf6 23. Qf3 Rfe8 24. Rhe1 Qxe1 25. Rxe1 Rxe1+ 26. Ka2 Rxc2 27. Kb3 Rc5 28. g4 a5 29. Qf2 a4+ 30. Kb4 Re8 31. Ka5 b4+ 32. Kxa4 bxa3 33. Kxa3 Ra8+ 34. Kb3 Nxd5 35. Qd4 Rb8+ 0-1

[Event "ESP-ch 84th"]
[Site "Marbella"]
[Date "2019.11.17"]
[Round "2"]
[White "Martin Hernandez, Ruben"]
[Black "Larino Nieto, David"]
[Result "1-0"]
[WhiteElo "2206"]
[BlackElo "2473"]
[PlyCount "39"]
[EventDate "2019.11.16"]
[EventType "swiss"]
[EventRounds "9"]
[EventCountry "ESP"]
[SourceTitle "CBM 193 Extra"]
[Source "ChessBase"]
[SourceDate "2020.01.31"]
[SourceVersion "1"]
[SourceVersionDate "2020.01.31"]
[SourceQuality "1"]

1. d4 d6 2. Nf3 Nd7 3. e4 h6 4. Bc4 e6 5. Bb3 Ngf6 6. e5 dxe5 7. dxe5 Ng4 8. Qe2 c6 9. Bf4 g5 10. Bg3 Qa5+ 11. Nbd2 Bg7 12. 0-0-0 Ngxe5 13. Nxe5 Nxe5 14. Rhe1 f6 15. Bxe5 fxe5 16. Qh5+ Kf8 17. Ne4 Qc7 18. Re3 Kg8 19. Qg6 Qe7 20. Rf3 1-0

[Event "Las Palmas Montalvo Memorial 12th"]
[Site "Las Palmas"]
[Date "2019.04.20"]
[Round "9"]
[White "Martin Hernandez, Ruben"]
[Black "Amador Garcia, Ismael"]
[Result "1/2-1/2"]
[WhiteElo "2188"]
[BlackElo "2032"]
[PlyCount "68"]
[EventDate "2019.04.13"]
[EventType "swiss"]
[EventRounds "9"]
[EventCountry "ESP"]
[SourceTitle "CBM 189 Extra"]
[Source "ChessBase"]
[SourceDate "2019.06.03"]
[SourceVersion "1"]
[SourceVersionDate "2019.06.03"]
[SourceQuality "1"]

1. Nf3 Nf6 2. c4 g6 3. g3 Bg7 4. Bg2 0-0 5. 0-0 d6 6. d4 c6 7. Nc3 Qa5 8. e4 e5 9. d5 cxd5 10. cxd5 b5 11. Nd2 b4 12. Na4 Ba6 13. Re1 Nbd7 14. b3 Rfc8 15. a3 Bd3 16. axb4 Qb5 17. Ba3 Bh6 18. Ra2 Rc7 19. Bf1 Rac8 20. Bxd3 Qxd3 21. Nc4 Qxd1 22. Rxd1 Nxe4 23. f3 Ng5 24. Kg2 f5 25. b5 Nf7 26. Bb4 Rb7 27. Nc3 Nc5 28. Na5 Rbc7 29. Nc6 Nxb3 30. Rb1 Nd4 31. Rba1 Nb3 32. Rb1 Nd4 33. Rba1 Nb3 34. Rb1 Nd4 1/2-1/2

[Event "Canarias-chT"]
[Site "Vecindario"]
[Date "2018.06.03"]
[Round "6.1"]
[White "Martin Hernandez, Ruben"]
[Black "Santana Benitez, Romen"]
[Result "1-0"]
[WhiteElo "2206"]
[BlackElo "1671"]
[PlyCount "63"]
[EventDate "2018.05.31"]
[EventType "team-swiss"]
[EventRounds "6"]
[EventCountry "ESP"]
[SourceTitle "EXT 2024"]
[Source "ChessBase"]
[SourceDate "2023.10.10"]
[SourceVersion "1"]
[SourceVersionDate "2023.10.10"]
[SourceQuality "1"]
[WhiteTeam "Tablero de Guanapay"]
[BlackTeam "Panaderia Pulido San Mateo"]
[WhiteTeamCountry "ESP"]
[BlackTeamCountry "ESP"]

1. Nc3 d5 2. e4 d4 3. Nce2 e5 4. Ng3 a6 5. Nf3 Nc6 6. Bc4 Bc5 7. d3 h6 8. 0-0 Nf6 9. a4 Qd6 10. Nh4 g6 11. f4 Bg4 12. Qe1 Rf8 13. h3 Bd7 14. Bb3 Ng8 15. fxe5 Nxe5 16. Nf3 f6 17. Nxe5 Qxe5 18. Bf4 Qe7 19. Ne2 0-0-0 20. Qg3 Be8 21. Qf2 Bf7 22. Bxf7 Rxf7 23. Bh2 Bd6 24. Bxd6 Qxd6 25. Qf4 Qe7 26. Qg4+ Kb8 27. Qxg6 Rg7 28. Qf5 Rg5 29. Qf2 Qd7 30. Kh1 Qd6 31. Rae1 Re8 32. Nxd4 1-0

[Event "Canarias-chT"]
[Site "Arrecife de Lanzarote"]
[Date "2016.06.24"]
[Round "2.1"]
[White "Meneses Gonzalez, Kevin Moises"]
[Black "Martin Hernandez, Ruben"]
[Result "1-0"]
[WhiteElo "2379"]
[BlackElo "2230"]
[PlyCount "91"]
[EventDate "2016.06.23"]
[EventType "team-swiss"]
[EventRounds "6"]
[EventCountry "ESP"]
[SourceTitle "EXT 2021"]
[Source "ChessBase"]
[SourceDate "2020.10.23"]
[SourceVersion "1"]
[SourceVersionDate "2020.10.23"]
[SourceQuality "1"]
[WhiteTeam "Fundacion La Caja de Canarias"]
[BlackTeam "El Tablero de Guanapay"]
[WhiteTeamCountry "ESP"]
[BlackTeamCountry "ESP"]

1. e4 e5 2. Nf3 Nc6 3. Bb5 a6 4. Ba4 Nf6 5. 0-0 b5 6. Bb3 Be7 7. Re1 0-0 8. c3 d6 9. h3 Na5 10. Bc2 c5 11. d4 Qc7 12. Nbd2 cxd4 13. cxd4 Bd7 14. Nf1 Rfc8 15. Bd3 Nc6 16. Be3 exd4 17. Nxd4 Ne5 18. Bb1 d5 19. exd5 Nxd5 20. Be4 Nxe3 21. Nxe3 Bc5 22. Bxa8 Rxa8 23. Rc1 Qa7 24. Nf3 Nc4 25. Qc2 Bxe3 26. fxe3 h6 27. b3 Nxe3 28. Qf2 Nd5 29. Qxa7 Rxa7 30. Rcd1 Nf6 31. Rd6 a5 32. Ne5 Be8 33. Ng4 Kf8 34. Nxf6 gxf6 35. Rxf6 a4 36. Rxh6 Bd7 37. Rb6 Rc7 38. Re2 Rc5 39. Rb7 Be6 40. bxa4 bxa4 41. Ra7 Rc4 42. Kf2 Rf4+ 43. Kg3 Rd4 44. Kh2 Rh4 45. Rxe6 fxe6 46. g4 1-0

[Event "Tenerife-chT"]
[Site "Tenerife"]
[Date "2013.05.11"]
[Round "14.2"]
[White "Perez Felipe, Marcos Adrian"]
[Black "Martin Hernandez, Ruben"]
[Result "0-1"]
[WhiteElo "2265"]
[BlackElo "2187"]
[PlyCount "122"]
[EventDate "2013.01.19"]
[EventType "team-tourn"]
[EventRounds "14"]
[EventCountry "ESP"]
[SourceTitle "EXT 2014"]
[Source "ChessBase"]
[SourceDate "2013.11.20"]
[SourceVersion "1"]
[SourceVersionDate "2013.11.20"]
[SourceQuality "1"]
[WhiteTeam "Casa de Venezuela Ebano"]
[BlackTeam "El Sauzal Libreria Barco"]
[WhiteTeamCountry "ESP"]
[BlackTeamCountry "ESP"]

1. Nf3 c5 2. c4 Nc6 3. Nc3 Nf6 4. e4 e6 5. d4 cxd4 6. Nxd4 Bb4 7. Nxc6 bxc6 8. Bd3 e5 9. 0-0 0-0 10. Qc2 Bc5 11. Bg5 h6 12. Bh4 g5 13. Bg3 d6 14. Na4 Bd4 15. c5 Nh5 16. Kh1 Rb8 17. Rad1 dxc5 18. b3 Qe7 19. Rc1 Nf4 20. Bc4 h5 21. f3 Kg7 22. Rfe1 h4 23. Bf2 g4 24. fxg4 Bxg4 25. h3 Bh5 26. Bf1 Qg5 27. Nxc5 Rbd8 28. Bxd4 Rxd4 29. Qf2 Rfd8 30. Rc2 Bd1 31. Rb2 Nh5 32. Bc4 Ng3+ 33. Kh2 Bh5 34. Nb7 Rd2 35. Rxd2 Rxd2 36. Qe3 Qxe3 37. Rxe3 Rd1 38. Rxg3+ hxg3+ 39. Kxg3 Rd2 40. Na5 Rxa2 41. Nxc6 f6 42. b4 Ra3+ 43. Kf2 Bf7 44. Be2 Bg6 45. Bf3 Be8 46. Ne7 Rb3 47. Nf5+ Kf8 48. h4 Rxb4 49. Ke1 a5 50. Ne3 Bf7 51. Kd1 a4 52. Kc1 Be6 53. Nc2 Rb8 54. h5 Ke7 55. g4 Rb3 56. Bd1 Rg3 57. h6 Rh3 58. Nb4 a3 59. Nc6+ Kd6 60. Na7 Bd7 61. Kb1 Kc5 0-1

[Event "Tenerife-chT"]
[Site "Tenerife"]
[Date "2013.03.09"]
[Round "7.2"]
[White "Martin Hernandez, Ruben"]
[Black "Mendivil Anton, Daniel"]
[Result "1-0"]
[WhiteElo "2187"]
[BlackElo "2252"]
[PlyCount "111"]
[EventDate "2013.01.19"]
[EventType "team-tourn"]
[EventRounds "14"]
[EventCountry "ESP"]
[SourceTitle "EXT 2014"]
[Source "ChessBase"]
[SourceDate "2013.11.20"]
[SourceVersion "1"]
[SourceVersionDate "2013.11.20"]
[SourceQuality "1"]
[WhiteTeam "El Sauzal Libreria Barco"]
[BlackTeam "Casa de Venezuela Ebano"]
[WhiteTeamCountry "ESP"]
[BlackTeamCountry "ESP"]

1. e4 e6 2. d4 d5 3. Nc3 Bb4 4. e5 c5 5. Qg4 Ne7 6. dxc5 Nbc6 7. Bd2 Ng6 8. Nf3 Bxc5 9. Bd3 Bd7 10. Qh5 Nb4 11. 0-0 a6 12. Rac1 Nxd3 13. cxd3 Qb6 14. b4 Be7 15. a3 0-0 16. Be3 Qd8 17. Nd4 a5 18. f4 axb4 19. axb4 Bxb4 20. f5 Qh4 21. Qxh4 Nxh4 22. Nce2 Ra2 23. fxe6 fxe6 24. Rxf8+ Bxf8 25. Rc7 Nf5 26. Nc1 Ra1 27. Nxf5 Ba3 28. Nd6 Bxc1 29. Rxc1 Rxc1+ 30. Bxc1 Bc6 31. d4 Kf8 32. Kf2 Ke7 33. Ke2 Kd7 34. Kd3 Kc7 35. Kc3 Kb6 36. Bg5 Ba4 37. Kb4 Bc2 38. Nb5 Be4 39. g3 Kc6 40. Nc3 Bf5 41. Be7 h5 42. Bc5 Bd3 43. Ka5 Bc4 44. Kb4 g6 45. Na4 Bd3 46. Nb6 Kc7 47. Kc3 Bb5 48. Kd2 Kd8 49. h4 Kc7 50. Ke3 Kd8 51. Kf4 Bd3 52. Na4 b5 53. Nc3 Ke8 54. Kg5 Kf7 55. Na2 Kg7 56. Nc3 1-0

[Event "Tenerife-chT"]
[Site "Tenerife"]
[Date "2013.02.23"]
[Round "5.2"]
[White "Martin Hernandez, Ruben"]
[Black "Hernandez Leon, Sergio"]
[Result "0-1"]
[WhiteElo "2187"]
[BlackElo "2133"]
[PlyCount "96"]
[EventDate "2013.01.19"]
[EventType "team-tourn"]
[EventRounds "14"]
[EventCountry "ESP"]
[SourceTitle "EXT 2014"]
[Source "ChessBase"]
[SourceDate "2013.11.20"]
[SourceVersion "1"]
[SourceVersionDate "2013.11.20"]
[SourceQuality "1"]
[WhiteTeam "El Sauzal Libreria Barco"]
[BlackTeam "Universidad Asados Los Guanches"]
[WhiteTeamCountry "ESP"]
[BlackTeamCountry "ESP"]

1. e4 c5 2. Nf3 d6 3. d4 cxd4 4. Nxd4 Nf6 5. Nc3 a6 6. Be2 e5 7. Nb3 Be7 8. g4 h6 9. Be3 Be6 10. Nd5 Bxd5 11. exd5 Nbd7 12. Qd2 Rc8 13. c4 b6 14. 0-0 0-0 15. Rac1 Nc5 16. Na1 Nfe4 17. Qc2 a5 18. f3 Nf6 19. a3 Na6 20. Qa4 Nc5 21. Qb5 Qd7 22. Qxd7 Ncxd7 23. b4 axb4 24. axb4 b5 25. Nb3 bxc4 26. Bxc4 e4 27. fxe4 Ne5 28. Be2 Nxe4 29. Nd4 Nf6 30. Nc6 Nxd5 31. Nxe7+ Nxe7 32. Rxc8 Rxc8 33. Rc1 Rxc1+ 34. Bxc1 Nd5 35. Bd2 Kf8 36. Kg2 Ke7 37. h4 Ke6 38. Kf2 Nf6 39. b5 Nfxg4+ 40. Kg2 Kd5 41. Bb4 Ne3+ 42. Kf2 N3c4 43. Bf1 g5 44. hxg5 hxg5 45. Bg2+ Kd4 46. Ke2 Nd3 47. b6 Nxb4 48. b7 Na6 0-1

[Event "ESP-ch 77th"]
[Site "San Agustin"]
[Date "2012.10.04"]
[Round "6"]
[White "Tejedor Fuente, Enrique"]
[Black "Martin Hernandez, Ruben"]
[Result "1/2-1/2"]
[WhiteElo "2287"]
[BlackElo "2171"]
[PlyCount "62"]
[EventDate "2012.09.29"]
[EventType "swiss"]
[EventRounds "9"]
[EventCountry "ESP"]
[SourceTitle "EXT 2014"]
[Source "ChessBase"]
[SourceDate "2013.11.20"]
[SourceVersion "1"]
[SourceVersionDate "2013.11.20"]
[SourceQuality "1"]

1. e4 c5 2. Nf3 e6 3. d4 cxd4 4. Nxd4 Nc6 5. Nc3 Qc7 6. Be3 a6 7. Bd3 Nf6 8. 0-0 Ne5 9. h3 Bc5 10. Qe2 d6 11. Nb3 Bxe3 12. Qxe3 b5 13. f4 Nc4 14. Bxc4 bxc4 15. Nd4 Bb7 16. e5 dxe5 17. fxe5 Nd5 18. Nxd5 Bxd5 19. c3 0-0 20. Rae1 Rab8 21. Re2 Rb7 22. Rf4 Rfb8 23. Qc1 Rb6 24. a3 Qb7 25. Rff2 Qe7 26. Qf4 Qc7 27. Qc1 Qe7 28. Kh2 Qc7 29. Kh1 Qe7 30. Qd1 Qb7 31. Kg1 Be4 1/2-1/2